Eastern Utah Libraries Catalog: Duchesne, Heber, Roosevelt, & Vernal

A breath of snow and ashes : (Record no. 296429)

MARC details
000 -LEADER
fixed length control field 02372nim a2200457Ka 4500
001 - CONTROL NUMBER
control field 62119845
003 - CONTROL NUMBER IDENTIFIER
control field OCoLC
005 - DATE AND TIME OF LATEST TRANSACTION
control field 20201217123514.0
007 - PHYSICAL DESCRIPTION FIXED FIELD--GENERAL INFORMATION
fixed length control field sd fungnnmmned
008 - FIXED-LENGTH DATA ELEMENTS--GENERAL INFORMATION
fixed length control field 051020s2005 mdunnn f eng d
020 ## - INTERNATIONAL STANDARD BOOK NUMBER
International Standard Book Number 1419348906
024 3# - OTHER STANDARD IDENTIFIER
Standard number or code 9781419348907
028 01 - PUBLISHER NUMBER
Publisher number C3364
Source Recorded Books
035 ## - SYSTEM CONTROL NUMBER
System control number (Sirsi) o62119845
040 ## - CATALOGING SOURCE
Original cataloging agency DPL
Language of cataloging eng
Transcribing agency DPL
Description conventions rda
092 0# - LOCALLY ASSIGNED DEWEY CALL NUMBER (OCLC)
Classification number 813/.54
Edition number 22
099 ## - LOCAL FREE-TEXT CALL NUMBER (OCLC)
Classification number CDBOOK
-- FICTION
-- GABALDON
-- PART-1
100 1# - MAIN ENTRY--PERSONAL NAME
Personal name Gabaldon, Diana,
Relator term author.
9 (RLIN) 34886
245 12 - TITLE STATEMENT
Title A breath of snow and ashes :
Remainder of title Outlander, book six :
Number of part/section of a work Part one, discs 1-24
Medium [sound recording] /
Statement of responsibility, etc by Diana Gabaldon.
264 #1 - Production, Publication, Distribution, Manufacture, and Copyright Notice.
Place of production, publication, distribution, manufacture Prince Frederick, Md. :
Name of producer, publisher, distributor, manufacturer Recorded Books,
Date of production, publication, distribution, manufacture, or copyr ℗2005.
300 ## - PHYSICAL DESCRIPTION
Extent 24 audio discs :
Other physical details digital ;
Dimensions 4 3/4 in.
336 ## - Content Type
Content type term spoken word
337 ## - Media type
Media type term audio
338 ## - Carrier type
Carrier type term audio disc
440 ## - SERIES STATEMENT/ADDED ENTRY--TITLE
Title Outlander
Volume number/sequential designation book 6
9 (RLIN) 6393182
500 ## - GENERAL NOTE
General note "With tracks every 3 minutes for easy book marking"--Container.
500 ## - GENERAL NOTE
General note Compact disc.
500 ## - GENERAL NOTE
General note Unabridged.
511 0# - PARTICIPANT OR PERFORMER NOTE
Participant or performer note Read by Davina Porter.
520 ## - SUMMARY, ETC.
Summary, etc In 1772, the rift between Britain and its American colonies has put a frightening word into the minds of all concerned: revolution. Violence has already reared its ugly head in rural North Carolina, as cabins have been burned to the ground. To preserve the colony for King George III, the governor pleads with Jamie to bring the people together and restore peace. But Jamie has the privelege, although some might call it a burden, of knowing that war cannot be avoided. Claire has told him that the colonies will unite and rebel, and the result will be independence, with all British loyalist either dead or exiled. And there is an additional problem. Claire has discovered a newspaper clipping from 1776 that tells of Jamie's death.
650 #0 - SUBJECT ADDED ENTRY--TOPICAL TERM
Topical term or geographic name as entry element Time travel
Form subdivision Fiction.
9 (RLIN) 5674119
651 #0 - SUBJECT ADDED ENTRY--GEOGRAPHIC NAME
Geographic name North Carolina
General subdivision History
Chronological subdivision Colonial period, ca. 1600-1775
Form subdivision Fiction.
9 (RLIN) 5785454
651 #0 - SUBJECT ADDED ENTRY--GEOGRAPHIC NAME
Geographic name North Carolina
General subdivision History
Chronological subdivision Revolution, 1775-1783
Form subdivision Fiction.
9 (RLIN) 5785455
655 #7 - INDEX TERM--GENRE/FORM
Genre/form data or focus term Time-travel fiction.
Source of term lcgft
9 (RLIN) 5709950
655 #7 - INDEX TERM--GENRE/FORM
Genre/form data or focus term Historical fiction.
Source of term lcgft
9 (RLIN) 6393196
655 #7 - INDEX TERM--GENRE/FORM
Genre/form data or focus term Fantasy fiction.
Source of term lcgft
9 (RLIN) 6393197
655 #7 - INDEX TERM--GENRE/FORM
Genre/form data or focus term Sound recordings.
Source of term lcgft
9 (RLIN) 5734576
655 #7 - INDEX TERM--GENRE/FORM
Genre/form data or focus term Audiobooks.
Source of term lcgft
9 (RLIN) 6393198
907 ## - LOCAL DATA ELEMENT G, LDG (RLIN)
a .b355718182
942 ## - ADDED ENTRY ELEMENTS (KOHA)
Source of classification or shelving scheme Dewey Decimal Classification
Koha item type Audiobook on CD
Holdings
Withdrawn status Lost status Source of classification or shelving scheme Materials specified (bound volume or other part) Damaged status Not for loan Collection code Home library Current library Shelving location Date acquired Source of acquisition Serial Enumeration / chronology Total Checkouts Total Renewals Full call number Barcode Date last seen Date checked out Cost, replacement price Price effective from Koha item type
    Dewey Decimal Classification Circnote. 24 discs     Audiobooks Wasatch County Library Wasatch County Library Second Floor 11/02/2020 Donation Part 1 2 2 CD Gabaldon 34301001482639 03/07/2024 08/24/2021 40.00 11/02/2020 Audiobook on CD
This project was made possible through a grant from the Institute of Museum and Library Service administered by the Utah State Library Division.

Wasatch County Library

  • 465 East 1200 South, Heber City, Utah 84032
  • Phone 435-654-1511 | Fax 435-654-6456

Hours

  • Monday - Friday 9:30 AM - 8:00 PM
  • Saturday 9:30 AM - 1:30 PM
  • Closed Sundays and Holidays